000 00880nam a2200241 i 4500
001 14241
003 ES-MaACL
005 20230906150744.0
007 t|
008 981119s1997 sp |||| | spa d
020 _a84-88973-47-0
080 _a929:34 Oliver, Bienvenido
100 1 _aPau Pedrón, Antonio.
_989620
245 1 0 _aBienvenido Oliver, en el pensamiento español del siglo XIX /
_cAntonio Pau Pedrón.
260 _aMadrid :
_bColegio de Registradores de la Propiedad y Mercantiles de España,
_c[1997]
300 _a246 p. ;
_c21 cm.
490 1 _aBiblioteca del Seminario Jerónimo González
600 1 4 _aOliver y Esteller, Bienvenido.
_9130627
710 2 _aColegio de Registradores de la Propiedad y Mercantiles de España.
_92938
830 0 _aBiblioteca del Seminario Jerónimo González
_9179570
852 _aES-MaACL
_jL-21573
999 _c14241
_d14241